Nghi lễ và âm nhạc trong nghi lễ của người Jrai

Khái quát về tộc người Jrai. Sinh hoạt nghi lễ. Môi trường quan trọng của diễn xướng âm nhạc Jrai. Những hình thức âm nhạc tiêu biểu trong sinh hoạt nghi lễ và lễ hội của người Jrai

Αποθηκεύτηκε σε:
Λεπτομέρειες βιβλιογραφικής εγγραφής
Κύριος συγγραφέας: Tô, Đông Hải
Μορφή: Βιβλίο
Γλώσσα:Undetermined
Έκδοση: Hà Nội Văn hóa Dân tộc 2018
Θέματα:
Ετικέτες: Προσθήκη ετικέτας
Δεν υπάρχουν, Καταχωρήστε ετικέτα πρώτοι!
Thư viện lưu trữ: Trung tâm Học liệu Trường Đại học Cần Thơ
LEADER 00896nam a2200205Ia 4500
001 CTU_232908
008 210402s9999 xx 000 0 und d
082 |a 392.3 
082 |b H103 
100 |a Tô, Đông Hải 
245 0 |a Nghi lễ và âm nhạc trong nghi lễ của người Jrai 
245 0 |c Tô Đông Hải 
260 |a Hà Nội 
260 |b Văn hóa Dân tộc 
260 |c 2018 
520 |a Khái quát về tộc người Jrai. Sinh hoạt nghi lễ. Môi trường quan trọng của diễn xướng âm nhạc Jrai. Những hình thức âm nhạc tiêu biểu trong sinh hoạt nghi lễ và lễ hội của người Jrai 
650 |a Phong tục và tập quán,Manners and customs 
650 |z Việt Nam,Vietnam 
910 |b nthai 
980 |a Trung tâm Học liệu Trường Đại học Cần Thơ